[Event "17. Open de Gros 2007"]
[Site "San Sebastián ESP"]
[Date "2007.09.25"]
[Round "5.6"]
[White "Tung, Kai Ming"]
[Black "Andres Gonzalez, Ivan"]
[Result "0-1"]
[WhiteElo "2083"]
[BlackElo "2392"]
[PlyCount "174"]
[EventDate "2007.09.21"]
[EventType "swiss"]
[EventRounds "9"]
[EventCountry "ESP"]
[Source "lmi"]
[SourceDate "2007.09.21"]

1. e4 c5 2. Nf3 e6 3. c4 Nc6 4. Nc3 Nf6 5. d3 d6 6. Be2 Be7 7. O-O O-O 8. a3 d5
9. Rb1 a6 10. Bg5 dxc4 11. dxc4 Qc7 12. Qc1 Nd4 13. Bf4 Bd6 14. Bxd6 Qxd6 15.
Re1 Ng4 16. g3 Nxf3+ 17. Bxf3 Ne5 18. Be2 Nc6 19. Qe3 e5 20. Red1 Nd4 21. b4
Be6 22. Nd5 Bxd5 23. exd5 cxb4 24. axb4 b5 25. cxb5 axb5 26. Rxd4 exd4 27. Qxd4
Rfd8 28. Bxb5 Rab8 29. Be2 Qxd5 30. Qxd5 Rxd5 31. b5 Rb6 32. Ra1 g6 33. Ra7 Rc5
34. Ra2 Rc1+ 35. Kg2 Rb1 36. Rc2 Kg7 37. h4 h5 38. Ra2 Kf6 39. Bc4 Rb4 40. Bf1
Ke5 41. Ra7 Rf6 42. Ra2 Kd4 43. Rc2 Rb3 44. Rc4+ Kd5 45. Rc2 Rb4 46. Be2 Kd4
47. Bf1 Rb6 48. Rc7 f5 49. Rc2 Rf6 50. Be2 f4 51. gxf4 Rxf4 52. Rc6 Rb2 53. Bf3
Rxb5 54. Rxg6 Rbf5 55. Rd6+ Kc5 56. Rd3 Rxh4 57. Ra3 Kd6 58. Bb7 Rg5+ 59. Kf1
Rb4 60. Bc8 Rb1+ 61. Ke2 Rb2+ 62. Kf1 Rg8 63. Ba6 Rb1+ 64. Ke2 Re8+ 65. Kf3
Rf8+ 66. Kg3 Rg1+ 67. Kh2 Rg5 68. f3 Rf4 69. Bf1 Rff5 70. Bg2 Ra5 71. Rd3+ Ke7
72. Rd2 Rgd5 73. Rb2 Kf6 74. Rb6+ Ke7 75. Rb7+ Rd7 76. Rb2 Rd4 77. Bh3 Rda4 78.
Rb6 Ra6 79. Rb7+ Kf6 80. Rb5 R6a5 81. Rb8 Ra2+ 82. Kg3 Rg5+ 83. Kf4 Ra4+ 84.
Ke3 Rg3 85. Bd7 Ra3+ 86. Ke2 Rg2+ 87. Kf1 Rd2 0-1

[Event "17. Open de Gros 2007"]
[Site "San Sebastián ESP"]
[Date "2007.09.25"]
[Round "5.7"]
[White "Rodriguez Gonzalez, Javier"]
[Black "Darrigues, Alain"]
[Result "1-0"]
[WhiteElo "2261"]
[BlackElo "1991"]
[PlyCount "39"]
[EventDate "2007.09.21"]
[EventType "swiss"]
[EventRounds "9"]
[EventCountry "ESP"]
[Source "lmi"]
[SourceDate "2007.09.21"]

1. d4 Nf6 2. Bg5 Ne4 3. h4 c5 4. d5 d6 5. Nd2 Nxg5 6. hxg5 g6 7. Ngf3 Bg7 8. c3
O-O 9. Qa4 f5 10. Qh4 Kf7 11. e4 e6 12. Bd3 exd5 13. exf5 Qe8+ 14. Kf1 Bxf5 15.
Bxf5 gxf5 16. Re1 Qb5+ 17. c4 Qd7 18. Qh5+ Kg8 19. Qxh7+ Kf7 20. Rh6 1-0

[Event "17. Open de Gros 2007"]
[Site "San Sebastián ESP"]
[Date "2007.09.25"]
[Round "5.8"]
[White "Salcedo, Marc"]
[Black "Tung, Siu Hung"]
[Result "1-0"]
[WhiteElo "2008"]
[BlackElo "1970"]
[PlyCount "131"]
[EventDate "2007.09.21"]
[EventType "swiss"]
[EventRounds "9"]
[EventCountry "ESP"]
[Source "lmi"]
[SourceDate "2007.09.21"]

1. e4 d6 2. d4 g6 3. Nc3 Bg7 4. Be2 Nf6 5. h4 h5 6. Bg5 c6 7. Qd2 Nbd7 8. Nf3
b5 9. e5 b4 10. exf6 bxc3 11. Qxc3 Nxf6 12. Qxc6+ Bd7 13. Qc3 Rb8 14. b3 Ne4
15. Qe3 Qa5+ 16. Kf1 Bf5 17. Bd3 Nxg5 18. hxg5 Bg4 19. Nd2 O-O 20. f3 Qc3 21.
Re1 Bxd4 22. Qe2 Be6 23. Bxg6 Kg7 24. Bd3 Rh8 25. Ne4 Qa5 26. g6 Rh6 27. gxf7
Bxf7 28. c3 Bb6 29. Qd2 Rg6 30. b4 Qd5 31. Nf2 Rh8 32. Qc2 Re6 33. Rxe6 Bxe6
34. a4 Rh6 35. a5 Be3 36. c4 Qd4 37. Nd1 Bf4 38. Qc3 Be5 39. Qxd4 Bxd4 40. Ke2
Bf7 41. Kd2 Rf6 42. Nc3 Re6 43. Nb5 Bf2 44. Rf1 Be3+ 45. Kc2 Re5 46. Re1 Kf6
47. Nc3 Kg5 48. Ne4+ Kf4 49. Rf1 h4 50. Rh1 Rh5 51. b5 d5 52. cxd5 Bxd5 53. Nc3
Be6 54. Ne2+ Kg5 55. Be4 Bd7 56. Kd3 Bc5 57. Kc4 Kf6 58. Nf4 Re5 59. Nd5+ Kg5
60. Kxc5 e6 61. Kd6 exd5 62. Kxe5 dxe4 63. b6 axb6 64. axb6 Bc6 65. fxe4 Kg4
66. Rc1 1-0

[Event "17. Open de Gros 2007"]
[Site "San Sebastián ESP"]
[Date "2007.09.25"]
[Round "5.9"]
[White "Fernandez Zubitur, Jokin"]
[Black "Izagirre Alsua, Aritz"]
[Result "0-1"]
[WhiteElo "1621"]
[BlackElo "1731"]
[PlyCount "156"]
[EventDate "2007.09.21"]
[EventType "swiss"]
[EventRounds "9"]
[EventCountry "ESP"]
[Source "lmi"]
[SourceDate "2007.09.21"]

1. e4 c5 2. Nc3 e6 3. g3 Nc6 4. Bg2 Nf6 5. f4 d6 6. d3 Be7 7. Nf3 a6 8. O-O O-O
9. e5 Ne8 10. exd6 Nxd6 11. Be3 Nf5 12. Bf2 Rb8 13. Re1 b6 14. Ne5 Nxe5 15.
fxe5 Bb7 16. Ne4 Nd4 17. Be3 Nc6 18. Bf4 g5 19. Nxg5 Bxg5 20. Qg4 h5 21. Qxg5+
Qxg5 22. Bxg5 Nd4 23. Rac1 Nf3+ 24. Bxf3 Bxf3 25. Rf1 Bg4 26. Rf6 Kg7 27. Bh6+
Kg8 28. Bxf8 Rxf8 29. Rf4 b5 30. Kg2 Bf5 31. h3 Rd8 32. g4 hxg4 33. hxg4 Bg6
34. g5 Rd5 35. Re1 Rd8 36. Rh1 Rd5 37. Re1 Rd8 38. Kg3 Rd5 39. Rh4 Kg7 40. b4
Bf5 41. bxc5 Rxc5 42. Rh2 Kg6 43. d4 Rc4 44. Rh8 Kxg5 45. Kf3 Bg6 46. Rg1+ Kf5
47. Rh4 Rc3+ 48. Ke2 Rxc2+ 49. Kd3 Rxa2 50. Rhg4 Ra3+ 51. Kd2 b4 52. Rg5+ Ke4
53. R5g4+ Kd5 54. Kc1 Ra1+ 55. Kb2 Rxg1 56. Rxg1 Kxd4 57. Re1 Be4 58. Rf1 Bf5
59. Re1 a5 60. Kb3 Kc5 61. Rc1+ Kb5 62. Rc7 a4+ 63. Ka2 Bg6 64. Rc8 Bh5 65. Rc1
Bf3 66. Rf1 Bd5+ 67. Ka1 a3 68. Rxf7 b3 69. Rf4 Bc4 70. Rd4 Kb4 71. Rd2 Kc3 72.
Rc2+ Kd3 73. Ra2 b2+ 74. Rxb2 axb2+ 75. Kxb2 Kd4 76. Kc1 Kxe5 77. Kd2 Kf4 78.
Ke1 Kf3 0-1

[Event "17. Open de Gros 2007"]
[Site "San Sebastián ESP"]
[Date "2007.09.25"]
[Round "5.10"]
[White "Elduayen Etxabe, Iñaki"]
[Black "Zubia Aramburu, Mikel"]
[Result "1/2-1/2"]
[WhiteElo "1274"]
[BlackElo "1923"]
[PlyCount "126"]
[EventDate "2007.09.21"]
[EventType "swiss"]
[EventRounds "9"]
[EventCountry "ESP"]
[Source "lmi"]
[SourceDate "2007.09.21"]

1. e4 c6 2. d4 d5 3. e5 Bf5 4. f4 e6 5. Be2 Qh4+ 6. g3 Qd8 7. Be3 Qb6 8. Qc1 c5
9. c3 Nc6 10. Nd2 cxd4 11. cxd4 Nb4 12. Kf2 Nc2 13. Nb3 Nxa1 14. Nxa1 Ne7 15.
Nb3 Nc6 16. Nc5 Bxc5 17. dxc5 Qa5 18. a3 Qd8 19. b4 Be4 20. Nf3 d4 21. Bd2 O-O
22. b5 Ne7 23. Qc4 Qd5 24. Qxd5 Bxd5 25. Bd3 Rac8 26. Bb4 Bxf3 27. Kxf3 Nd5 28.
g4 Rfd8 29. f5 g6 30. h4 Nc3 31. h5 Kg7 32. a4 g5 33. h6+ Kg8 34. Rh5 Kh8 35.
c6 Nd5 36. cxb7 Nxb4 37. bxc8=Q Rxc8 38. Be4 Rc3+ 39. Kf2 Re3 40. Bb1 Rxe5 41.
Rxg5 d3 42. Rg7 exf5 43. Rxf7 Kg8 44. Rd7 fxg4 45. Bxd3 Nxd3+ 46. Rxd3 Re4 47.
a5 Rb4 48. Rd5 Kf7 49. Rd7+ Kg6 50. Rxa7 Rxb5 51. Kg3 Kh5 52. Rxh7 Rxa5 53. Rh8
Ra3+ 54. Kg2 Kh4 55. h7 Ra2+ 56. Kf1 Ra7 57. Kg2 Rf7 58. Rc8 Rxh7 59. Rc3 Rd7
60. Rb3 Rd2+ 61. Kg1 g3 62. Rb8 Rd4 63. Kg2 Rd2+ 1/2-1/2

[Event "17. Open de Gros 2007"]
[Site "San Sebastián ESP"]
[Date "2007.09.25"]
[Round "5.11"]
[White "Salterain Gonzalez, Galder"]
[Black "Iglesias Gonzalez, Veronica"]
[Result "1-0"]
[WhiteElo "1986"]
[BlackElo "1779"]
[PlyCount "167"]
[EventDate "2007.09.21"]
[EventType "swiss"]
[EventRounds "9"]
[EventCountry "ESP"]
[Source "lmi"]
[SourceDate "2007.09.21"]

1. e4 e5 2. Nf3 d6 3. d4 Bg4 4. dxe5 Bxf3 5. Qxf3 dxe5 6. Bc4 Qd7 7. O-O Bd6 8.
Qb3 c6 9. Qg3 g6 10. f4 exf4 11. Qc3 Bc5+ 12. Kh1 Bd4 13. Qf3 Nf6 14. Rd1 Ng4
15. Rf1 Be3 16. Nc3 O-O 17. Bb3 Na6 18. h3 Ne5 19. Qe2 Bxc1 20. Raxc1 Nc5 21.
Rxf4 Ne6 22. Rf6 Kg7 23. Bxe6 fxe6 24. Rxf8 Rxf8 25. Rd1 Qf7 26. Kg1 Qc7 27. b3
b5 28. Qd2 Qb6+ 29. Qd4 Qb8 30. Ne2 g5 31. Qd6 Nf7 32. Qxb8 Rxb8 33. Nd4 e5 34.
Nxc6 Rc8 35. Nxa7 Rxc2 36. Nxb5 Rxa2 37. Re1 Ra5 38. Nc3 Nd6 39. Kf2 Nb5 40.
Nxb5 Rxb5 41. Re3 Rb4 42. h4 g4 43. Ke2 Rd4 44. Kf2 Kf6 45. Kg3 h5 46. Kf2 Ke6
47. Rc3 Rxe4 48. Rc6+ Kd5 49. Rh6 Rf4+ 50. Kg3 Rf5 51. Rg6 Rf7 52. Rg5 Rh7 53.
Kf2 Kd4 54. Ke2 e4 55. Ra5 Rh6 56. Ra4+ Ke5 57. Ke3 Rb6 58. Rxe4+ Kf5 59. b4
Rb5 60. Rc4 Ke6 61. Rc6+ Kf7 62. Rc5 Rxb4 63. Rxh5 Kg6 64. Rg5+ Kh6 65. Kf2 Rb3
66. Rxg4 Kh5 67. Ra4 Rb5 68. Kg3 Rb3+ 69. Kh2 Rb1 70. Kh3 Rg1 71. g4+ Kh6 72.
Ra6+ Kg7 73. h5 Rh1+ 74. Kg3 Kh7 75. Kf4 Rb1 76. Kg5 Rb5+ 77. Kh4 Rb4 78. h6
Rb5 79. g5 Rb1 80. Ra7+ Kg6 81. Rg7+ Kf5 82. h7 Rg1 83. g6 Kf6 84. Rg8 1-0

[Event "17. Open de Gros 2007"]
[Site "San Sebastián ESP"]
[Date "2007.09.26"]
[Round "6.1"]
[White "Mirzoev, Azer"]
[Black "Paunovic, Dragan"]
[Result "0-1"]
[WhiteElo "2551"]
[BlackElo "2531"]
[PlyCount "110"]
[EventDate "2007.09.21"]
[EventType "swiss"]
[EventRounds "9"]
[EventCountry "ESP"]
[Source "lmi"]
[SourceDate "2007.09.21"]

1. d4 d6 2. e4 Nf6 3. Nc3 g6 4. Be3 c6 5. Qd2 b5 6. Bd3 Nbd7 7. Nge2 Bg7 8. Bh6
Bxh6 9. Qxh6 Qa5 10. O-O b4 11. Nd1 Ba6 12. Bxa6 Qxa6 13. Ng3 Qb6 14. c3 bxc3
15. bxc3 c5 16. d5 Qa6 17. h3 Qd3 18. Re1 Rb8 19. Rc1 Rb1 20. Rxb1 Qxb1 21. Qd2
O-O 22. Ne3 Qb5 23. f4 Qa4 24. e5 Qxf4 25. exf6 Qxg3 26. fxe7 Re8 27. Nc4 Nb6
28. Nxb6 axb6 29. Qe3 Qxe3+ 30. Rxe3 Kg7 31. c4 Kf6 32. a4 Rxe7 33. Rf3+ Kg7
34. Rb3 Ra7 35. Rxb6 Rxa4 36. Rxd6 Rxc4 37. Rc6 Rc2 38. d6 Kf6 39. Rc7 c4 40.
Kh2 c3 41. d7 Ke7 42. d8=Q+ Kxd8 43. Rxf7 Rd2 44. Rf3 c2 45. Rc3 Ke7 46. h4 h5
47. Rc8 Kd7 48. Rc4 Ke6 49. Kg3 Kd5 50. Rc8 Ke4 51. Rc6 Ke3 52. Re6+ Kd3 53.
Rc6 Ke2 54. Kf4 Kd1 55. g4 c1=Q 0-1

[Event "17. Open de Gros 2007"]
[Site "San Sebastián ESP"]
[Date "2007.09.26"]
[Round "6.2"]
[White "Kovalyov, Anton"]
[Black "Khamrakulov, Dzhurabek"]
[Result "1/2-1/2"]
[WhiteElo "2510"]
[BlackElo "2322"]
[PlyCount "106"]
[EventDate "2007.09.21"]
[EventType "swiss"]
[EventRounds "9"]
[EventCountry "ESP"]
[Source "lmi"]
[SourceDate "2007.09.21"]

1. c4 e5 2. Nc3 Nf6 3. Nf3 Nc6 4. a3 d5 5. cxd5 Nxd5 6. Qc2 Be7 7. e3 O-O 8.
Bb5 Bg4 9. Qe4 Nf6 10. Qa4 Bd7 11. Qc2 a6 12. Be2 Qb8 13. d3 Rd8 14. b3 b5 15.
O-O Qb7 16. Bb2 Rab8 17. Nb1 Bd6 18. Nbd2 Re8 19. Ng5 Qb6 20. Rac1 Ne7 21. Nge4
Nxe4 22. Nxe4 Bf5 23. Nc5 Rbd8 24. e4 Bc8 25. Rfd1 c6 26. b4 a5 27. Qd2 axb4
28. axb4 f5 29. Qc2 Ng6 30. Bf1 Bxc5 31. Qxc5 Qxc5 32. Rxc5 fxe4 33. Rxc6 Bg4
34. Rd2 Nf4 35. h3 Bh5 36. d4 exd4 37. Bxd4 Be2 38. Be3 Bxf1 39. Rxd8 Rxd8 40.
Bxf4 Bd3 41. Rc1 Rf8 42. Bd6 Rf5 43. Bc5 h6 44. Ra1 Rf7 45. Ra3 Bb1 46. Kf1 Kh7
47. Ke1 Kg6 48. Ra5 Rf5 49. Ra8 Rg5 50. g4 Bc2 51. Ra1 Rd5 52. Ra7 Rd3 53. Be7
Rd4 1/2-1/2

[Event "17. Open de Gros 2007"]
[Site "San Sebastián ESP"]
[Date "2007.09.26"]
[Round "6.3"]
[White "Rizouk, Aimen"]
[Black "Argandona Rivero, Inigo"]
[Result "1/2-1/2"]
[WhiteElo "2470"]
[BlackElo "2390"]
[PlyCount "94"]
[EventDate "2007.09.21"]
[EventType "swiss"]
[EventRounds "9"]
[EventCountry "ESP"]
[Source "lmi"]
[SourceDate "2007.09.21"]

1. e4 e5 2. Nf3 d6 3. d4 exd4 4. Nxd4 Nf6 5. Nc3 Be7 6. g3 d5 7. e5 Ng4 8. Bg2
O-O 9. O-O Nxe5 10. Nxd5 Bc5 11. Bf4 Bg4 12. Qe1 Bxd4 13. Bxe5 Bxe5 14. Qxe5 c6
15. Qf4 Bc8 16. Ne3 Be6 17. Rad1 Nd7 18. Rfe1 Qb6 19. Nc4 Bxc4 20. Qxc4 Nf6 21.
g4 Rae8 22. Rxe8 Nxe8 23. b3 Nc7 24. Be4 g6 25. Qd4 Qxd4 26. Rxd4 Ne6 27. Rd2
Rd8 28. Rxd8+ Nxd8 29. Kg2 Kg7 30. Kg3 g5 31. h4 h6 32. f4 gxf4+ 33. Kxf4 Kf6
34. Bf5 b6 35. Bc8 c5 36. c3 Nc6 37. Bf5 a5 38. Be4 Na7 39. c4 Nc8 40. Bf5 Nd6
41. g5+ hxg5+ 42. hxg5+ Ke7 43. a4 f6 44. g6 Kf8 45. Bd3 Kg7 46. Kg4 Kh6 47.
Kf4 Kg7 1/2-1/2

[Event "17. Open de Gros 2007"]
[Site "San Sebastián ESP"]
[Date "2007.09.26"]
[Round "6.4"]
[White "Rodriguez Gonzalez, Javier"]
[Black "Andres Gonzalez, Alberto"]
[Result "1/2-1/2"]
[WhiteElo "2261"]
[BlackElo "2435"]
[PlyCount "39"]
[EventDate "2007.09.21"]
[EventType "swiss"]
[EventRounds "9"]
[EventCountry "ESP"]
[Source "lmi"]
[SourceDate "2007.09.21"]

1. d4 d5 2. Nf3 Nf6 3. Bg5 Ne4 4. Bf4 c5 5. e3 Nc6 6. c3 Qb6 7. Qc1 Bf5 8. Nbd2
Rc8 9. Be2 cxd4 10. exd4 e6 11. O-O Be7 12. Nxe4 dxe4 13. Ne5 Nxd4 14. Bh5 Bg6
15. Qd1 Bxh5 16. Qxh5 g6 17. Qd1 f6 18. cxd4 fxe5 19. Bxe5 O-O 20. Qe2 1/2-1/2

[Event "17. Open de Gros 2007"]
[Site "San Sebastián ESP"]
[Date "2007.09.26"]
[Round "6.5"]
[White "Andres Gonzalez, Ivan"]
[Black "Salcedo, Marc"]
[Result "1-0"]
[WhiteElo "2392"]
[BlackElo "2008"]
[PlyCount "73"]
[EventDate "2007.09.21"]
[EventType "swiss"]
[EventRounds "9"]
[EventCountry "ESP"]
[Source "lmi"]
[SourceDate "2007.09.21"]

1. Nf3 Nf6 2. c4 g6 3. Nc3 d5 4. cxd5 Nxd5 5. Qa4+ Nc6 6. Ne5 Nxc3 7. dxc3 Qd5
8. Nxc6 bxc6 9. Bf4 Bg7 10. Rd1 Qe6 11. Bxc7 O-O 12. e3 Kh8 13. Be2 a5 14. O-O
Ba6 15. Bxa6 Rxa6 16. Rd2 Ra7 17. Bb6 Rb7 18. Qxa5 h5 19. Bd4 Rb5 20. Qc7 Rc8
21. Qa7 Rcb8 22. b4 R8b7 23. Qa8+ Rb8 24. Qa7 R8b7 25. Bxg7+ Kxg7 26. Qd4+ f6
27. e4 h4 28. f4 h3 29. a4 hxg2 30. Rxg2 Rh5 31. f5 Qb3 32. Rxg6+ Kf7 33. Qd8
Rg5+ 34. Rxg5 fxg5 35. Qh8 Rxb4 36. Qh5+ Kf8 37. cxb4 1-0

[Event "17. Open de Gros 2007"]
[Site "San Sebastián ESP"]
[Date "2007.09.26"]
[Round "6.6"]
[White "Izagirre Alsua, Aritz"]
[Black "Lakunza, Juan Carlos"]
[Result "0-1"]
[WhiteElo "1731"]
[BlackElo "2128"]
[PlyCount "70"]
[EventDate "2007.09.21"]
[EventType "swiss"]
[EventRounds "9"]
[EventCountry "ESP"]
[Source "lmi"]
[SourceDate "2007.09.21"]

1. e4 e5 2. Nf3 Nc6 3. Nc3 Nf6 4. Be2 Bc5 5. d3 a6 6. Bd2 O-O 7. O-O d5 8. Bg5
d4 9. Nd5 Be7 10. Nxe7+ Qxe7 11. Nd2 h6 12. Bh4 g5 13. Bg3 Qe6 14. h4 Kh8 15.
hxg5 hxg5 16. Nf3 Rg8 17. Qd2 Nh7 18. c3 Qe7 19. cxd4 exd4 20. Rac1 Be6 21. a3
Rad8 22. Ne5 Nb8 23. Nf3 Nc6 24. Ne5 Nb8 25. Ng4 c6 26. Ne5 f6 27. Ng4 Nd7 28.
Rce1 Rg6 29. Nh2 Rdg8 30. Bg4 Ne5 31. Bxe6 Qxe6 32. Nf3 Nxf3+ 33. gxf3 Qh3 34.
f4 Rh6 35. f3 gxf4 0-1

[Event "17. Open de Gros 2007"]
[Site "San Sebastián ESP"]
[Date "2007.09.26"]
[Round "6.7"]
[White "Markina Amutxastegi, Fernando"]
[Black "Tung, Kai Ming"]
[Result "0-1"]
[WhiteElo "1852"]
[BlackElo "2083"]
[PlyCount "116"]
[EventDate "2007.09.21"]
[EventType "swiss"]
[EventRounds "9"]
[EventCountry "ESP"]
[Source "lmi"]
[SourceDate "2007.09.21"]

1. c4 e6 2. Nc3 b6 3. e4 Bb7 4. Nf3 Bb4 5. d3 Ne7 6. Bd2 c5 7. Be2 Nbc6 8. Nb5
Bxd2+ 9. Qxd2 d6 10. O-O O-O 11. Qf4 e5 12. Qg3 Ng6 13. Rfe1 f5 14. Qg5 Nf4 15.
Qxd8 Raxd8 16. Nc3 Nb4 17. Rad1 Nc2 18. Rf1 Nd4 19. Rfe1 fxe4 20. Nxd4 exd4 21.
Nxe4 Bxe4 22. dxe4 Rde8 23. Bf1 Ng6 24. Bd3 Ne5 25. Rd2 Rf6 26. f3 Ref8 27. Rf1
a6 28. b3 h5 29. Bc2 h4 30. Rdf2 g5 31. h3 Kg7 32. a3 Rf4 33. a4 a5 34. Rd1 Kf6
35. Rdf1 Ke6 36. Bd1 Nc6 37. g3 hxg3 38. Rg2 Ne5 39. Rxg3 Kf6 40. Kf2 Rh4 41.
Rfg1 Nd3+ 42. Kf1 Rg8 43. Rg4 Rxh3 44. f4 Re3 45. Be2 Nc1 46. fxg5+ Ke7 47. Bd1
Nxb3 48. Rf4 Nd2+ 49. Kf2 Nxe4+ 50. Kf1 Nd2+ 51. Kf2 Nxc4 52. Bh5 Ne5 53. Be2
Rg7 54. Rh1 Ra3 55. Rh6 Ra2 56. Rff6 Ng4+ 57. Kf3 Nxh6 58. Rxh6 Rf7+ 0-1

[Event "17. Open de Gros 2007"]
[Site "San Sebastián ESP"]
[Date "2007.09.26"]
[Round "6.8"]
[White "Zulaika Centeno, Ander"]
[Black "Rodriguez Vallejo, Julio"]
[Result "1-0"]
[WhiteElo "2075"]
[BlackElo "1831"]
[PlyCount "63"]
[EventDate "2007.09.21"]
[EventType "swiss"]
[EventRounds "9"]
[EventCountry "ESP"]
[Source "lmi"]
[SourceDate "2007.09.21"]

1. e4 e6 2. d4 d5 3. Nc3 Nf6 4. Bg5 Be7 5. e5 Nfd7 6. Bxe7 Qxe7 7. f4 c5 8. Nb5
O-O 9. Nc7 Nb6 10. Nxa8 Nxa8 11. c3 b6 12. Nf3 Ba6 13. Bxa6 Nxa6 14. O-O N8c7
15. Qd3 Nb8 16. Ng5 g6 17. Qh3 f5 18. exf6 Rxf6 19. g3 Nc6 20. Nf3 Rf7 21. a3
c4 22. Rae1 Qd6 23. Qg4 Rf5 24. Re2 Nd8 25. h4 Kg7 26. Ne5 Qe7 27. Rh2 Kh8 28.
h5 gxh5 29. Rxh5 Rxh5 30. Qxh5 Qg7 31. Kg2 Qg8 32. Rh1 1-0

[Event "17. Open de Gros 2007"]
[Site "San Sebastián ESP"]
[Date "2007.09.26"]
[Round "6.9"]
[White "Tholey, Jean-Paul"]
[Black "Zaballa Zarzosa, Jon"]
[Result "1/2-1/2"]
[WhiteElo "2004"]
[BlackElo "1807"]
[PlyCount "111"]
[EventDate "2007.09.21"]
[EventType "swiss"]
[EventRounds "9"]
[EventCountry "ESP"]
[Source "lmi"]
[SourceDate "2007.09.21"]

1. d4 Nf6 2. c4 g6 3. Nc3 d5 4. Nf3 Bg7 5. cxd5 Nxd5 6. e4 Nxc3 7. bxc3 O-O 8.
Be2 c5 9. Rb1 Qa5 10. O-O Nc6 11. Rb5 Qxa2 12. Rxc5 Qb1 13. Bd3 Qb6 14. Be3 Qd8
15. Qd2 Bd7 16. Rb1 b6 17. Rcb5 Rc8 18. R5b2 Na5 19. Qe2 Rxc3 20. Bd2 Rc8 21.
Ba6 Ra8 22. Bxa5 bxa5 23. e5 Bc6 24. Bb7 Bxb7 25. Rxb7 e6 26. Qa6 Qd5 27. R7b5
Qa2 28. Qxa5 Qxa5 29. Rxa5 Rfb8 30. Rxb8+ Rxb8 31. g4 Rb7 32. Ng5 Rd7 33. Ra4
Bf8 34. Kg2 Be7 35. Ne4 Kg7 36. Kf3 Bd8 37. Ke3 Bb6 38. Kd3 Rd5 39. f4 h5 40.
gxh5 gxh5 41. Nf6 Ra5 42. Rxa5 Bxa5 43. Nxh5+ Kg6 44. Ng3 Bb6 45. Kc4 a5 46. d5
exd5+ 47. Kxd5 a4 48. Kc4 a3 49. Kb3 Bc5 50. h4 Bf2 51. f5+ Kg7 52. Nh5+ Kh6
53. Nf4 Bxh4 54. Kxa3 Kg5 55. e6 fxe6 56. fxe6 1/2-1/2

[Event "17. Open de Gros 2007"]
[Site "San Sebastián ESP"]
[Date "2007.09.26"]
[Round "6.10"]
[White "Darrigues, Alain"]
[Black "Boo Aldanondo, Alex"]
[Result "1-0"]
[WhiteElo "1991"]
[BlackElo "1669"]
[PlyCount "67"]
[EventDate "2007.09.21"]
[EventType "swiss"]
[EventRounds "9"]
[EventCountry "ESP"]
[Source "lmi"]
[SourceDate "2007.09.21"]

1. d4 e6 2. c4 c5 3. d5 exd5 4. cxd5 d6 5. Nc3 Nf6 6. e4 a6 7. a4 Nbd7 8. Nf3
Be7 9. Be2 O-O 10. O-O Ne5 11. Nd2 Bg4 12. f4 Bxe2 13. Qxe2 Ng6 14. Nc4 Nd7 15.
Bd2 Nb6 16. Na3 Bf6 17. a5 Nd7 18. Nc4 Qc7 19. Na4 Rae8 20. Rae1 Bh4 21. g3 Bf6
22. Qf3 Re7 23. e5 dxe5 24. d6 e4 25. Qd1 Qc6 26. dxe7 Nxe7 27. Nc3 Bd4+ 28.
Be3 Bxc3 29. bxc3 Nf5 30. Qe2 Nf6 31. Nb6 h5 32. Rd1 Ng4 33. Bc1 Nfe3 34. Bxe3
1-0

[Event "17. Open de Gros 2007"]
[Site "San Sebastián ESP"]
[Date "2007.09.26"]
[Round "6.11"]
[White "Diez Viera, Oscar"]
[Black "Salterain Gonzalez, Galder"]
[Result "0-1"]
[WhiteElo "1799"]
[BlackElo "1986"]
[PlyCount "112"]
[EventDate "2007.09.21"]
[EventType "swiss"]
[EventRounds "9"]
[EventCountry "ESP"]
[Source "lmi"]
[SourceDate "2007.09.21"]

1. e4 e5 2. Nf3 Nc6 3. Bc4 Be7 4. O-O Nf6 5. Nc3 d6 6. h3 O-O 7. d3 Na5 8. Bb3
Nxb3 9. axb3 Be6 10. d4 exd4 11. Nxd4 Bc8 12. Re1 Re8 13. Bf4 a6 14. Nd5 Nxd5
15. exd5 Bf6 16. Rxe8+ Qxe8 17. Qd2 Bd7 18. Re1 Qf8 19. c3 Re8 20. Nf3 Rxe1+
21. Qxe1 Qe7 22. Qxe7 Bxe7 23. b4 Bf6 24. Kf1 Bb5+ 25. Ke1 Bc4 26. Nd2 Bxd5 27.
f3 Kf8 28. Ke2 Ke7 29. Nf1 Bc4+ 30. Kf2 Bxf1 31. Kxf1 Ke6 32. Ke2 Kf5 33. Bh2
Bg5 34. g4+ Ke6 35. Kd3 Bf6 36. Ke4 c5 37. bxc5 dxc5 38. f4 Kd6 39. Bg1 b5 40.
g5 Bd8 41. b4 cxb4 42. cxb4 Kc6 43. Bd4 Be7 44. Bc3 g6 45. h4 Bd6 46. Bd2 Bc7
47. Be1 Kd6 48. Kd4 Bb6+ 49. Ke4 Ke6 50. Bg3 a5 51. bxa5 Bxa5 52. Bf2 b4 53.
Bd4 b3 54. h5 Bb4 55. hxg6 hxg6 56. Be5 Ba3 0-1

[Event "17. Open de Gros 2007"]
[Site "San Sebastián ESP"]
[Date "2007.09.26"]
[Round "6.12"]
[White "Espin Laborde, Jesus M"]
[Black "Saenz Zabala, Juan Ignacio"]
[Result "1-0"]
[WhiteElo "1790"]
[BlackElo "1898"]
[PlyCount "153"]
[EventDate "2007.09.21"]
[EventType "swiss"]
[EventRounds "9"]
[EventCountry "ESP"]
[Source "lmi"]
[SourceDate "2007.09.21"]

1. e4 c5 2. Nf3 Nf6 3. Nc3 e6 4. d4 cxd4 5. Nxd4 Nc6 6. Ndb5 Bb4 7. Nd6+ Ke7 8.
Nxc8+ Rxc8 9. Bd3 d5 10. exd5 Nxd5 11. Bd2 Qa5 12. Nxd5+ Qxd5 13. O-O Rhd8 14.
a3 Bd6 15. Bc3 Be5 16. Qd2 Bxc3 17. Qxc3 Ne5 18. Qb4+ Qc5 19. Qxb7+ Rc7 20. Qb4
Qxb4 21. axb4 Nxd3 22. cxd3 Rxd3 23. f3 Rb3 24. Rf2 Rxb4 25. Rd2 Rbc4 26. Ra5
Rb7 27. Kf2 Rcb4 28. Ra2 f5 29. Kg3 h6 30. h3 h5 31. Re2 Kf6 32. Ra6 R7b6 33.
Ra2 Rb7 34. Ra5 h4+ 35. Kf2 R4b5 36. Ra2 Rb3 37. Ke1 R3b5 38. Kf2 a5 39. Kf1
Rc7 40. Kf2 Rcc5 41. Ra4 Rb4 42. Ra3 a4 43. Rae3 Rc6 44. Ra3 Rcb6 45. Ra2 Ra6
46. Kf1 Rb3 47. Kf2 Ra5 48. Kf1 Rb4 49. Kf2 Re5 50. Rc2 Rd4 51. g4 hxg3+ 52.
Kxg3 Re1 53. Ra3 Rg1+ 54. Kf2 Rgd1 55. Rac3 f4 56. Re2 R1d2 57. Rc2 Rxc2 58.
Rxc2 Rd1 59. Re2 Rd3 60. Rc2 a3 61. bxa3 Rxa3 62. Rd2 e5 63. Kg1 Ke6 64. Rd1
Ke7 65. Kf2 Ke6 66. Kg2 Ra4 67. Kf2 e4 68. fxe4 Rxe4 69. Kf3 Kf5 70. Rd5+ Re5
71. Rd3 Re1 72. Rd5+ Kg6 73. Rd6+ Kh5 74. Rd8 Re3+ 75. Kg2 Re2+ 76. Kf3 Kg6 77.
Kxe2 1-0

[Event "17. Open de Gros 2007"]
[Site "San Sebastián ESP"]
[Date "2007.09.27"]
[Round "7.1"]
[White "Paunovic, Dragan"]
[Black "Andres Gonzalez, Ivan"]
[Result "1/2-1/2"]
[WhiteElo "2531"]
[BlackElo "2392"]
[PlyCount "26"]
[EventDate "2007.09.21"]
[EventType "swiss"]
[EventRounds "9"]
[EventCountry "ESP"]
[Source "lmi"]
[SourceDate "2007.09.21"]

1. c4 Nf6 2. Nc3 c6 3. e4 e5 4. Nf3 d6 5. d4 Nbd7 6. Be2 Be7 7. O-O O-O 8. Re1
Re8 9. Bf1 Bf8 10. d5 a5 11. b3 Nc5 12. Rb1 Bd7 13. a3 cxd5 1/2-1/2